000 00666nam a22002177a 4500
003 UA-OsUOA
001 66784
007 ta
008 20100127b un ||||| |||| 00| 0 ukr d
090 _a94(477)(092+929)
_bН34
942 _cBK
040 _aUA-OsUOA
_bukr
_cUA-OsUOA
_dUA-OsUOA
245 _aНауково-історичні читання присвячені 140-річчю з дня народження М. С. Грушевського
300 _a156 с.
955 _a2
041 _aukr
080 _a94(477)(092+929)
260 _aНіжин
_c2007
650 7 _a9 Географія. Біографії. Історія
_2UDC
999 _c353268
_d353268